Movies Quiz

Random Movies or Letter Quiz
Score 0/24 Timer 07:00
0 Plays Today
% Correct
Batman
99.1%
Bambi
99.1%
Babe
95.9%
Braveheart
94.9%
Beetlejuice
89.1%
Bridesmaids
88.4%
Beethoven
87.2%
Big
86.1%
Bean
81.8%
Blade
76.7%
Bolt
72.8%
Backdraft
54.5%
% Correct
Barbarella
44.8%
Bedazzled
44.4%
Boyhood
40.8%
Bullitt
40.7%
Beaches
39.6%
Buried
38.5%
Babel
33.8%
Beowulf
32.9%
Blow
32.4%
Bloodsport
32.2%
Bronson
21.4%
Brazil
18.3%
Remove Ads.
Support Sporcle.
Get the best of Sporcle when you Go Orange. This ad-free experience offers more features, more stats, and more fun while also helping to support Sporcle. Thank you for becoming a member.

You're not logged in!

Compare scores with friends on all Sporcle quizzes.
OR
Log In

Sporcle TV

Today on Sporcle TV


Watch our educational content, quiz creation guides, and fun videos on Sporcle TV.

Show Comments

Extras

Top Quizzes Today


Score Distribution

Paid Content

Your Account Isn't Verified!

In order to create a playlist on Sporcle, you need to verify the email address you used during registration. Go to your Sporcle Settings to finish the process.

Report this User

Report this user for behavior that violates our Community Guidelines.

Details: